01184nam a2200301 a 4500001001100000003000800011006001900019007001500038008004100053010001700094020001500111020002200126040002100148035002000169050002300189082001500212100004800227245008500275260004800360300002200408504006600430533015200496650004800648655002900696710001700725856012500742999001500867ebr5002675CaPaEBRm u cr cn|||||||||911018s1992 enka sb 001 0 eng  z 91040383  z0415063701 z041506371X (pbk.) aCaPaEBRcCaPaEBR a(OCoLC)7076378214aP91.3b.C69 1992eb04a372.832201 aCraggs, Carol E.q(Carol Elizabeth),d1946-10aMedia education in the primary schoolh[electronic resource] /cCarol E. Craggs. aLondon ;aNew York, NY :bRoutledge,c1992. ax, 185 p. :bill. aIncludes bibliographical references (p. [171]-181) and index. aElectronic reproduction.bPalo Alto, Calif. :cebrary,d2013.nAvailable via World Wide Web.nAccess may be limited to ebrary affiliated libraries. 0aMass mediaxStudy and teaching (Elementary) 7aElectronic books.2local2 aebrary, Inc.40uhttp://site.ebrary.com/lib/rucke/Doc?id=5002675zAn electronic book accessible through the World Wide Web; click to view c1717d1717